[Event "St Petersburg op2"]
[Site "St Petersburg"]
[Date "1994.??.??"]
[Round "5"]
[White "Nevostrujev, Vladimir"]
[Black "Ibragimov, Ildar"]
[Result "0-1"]
[WhiteElo "2440"]
[BlackElo "2480"]
[Annotator "Svidler,P"]
[PlyCount "62"]
[EventDate "1994.10.??"]
[EventType "swiss"]
[EventRounds "9"]
[EventCountry "RUS"]
[SourceTitle "CBM 043 Extra"]
[Source "ChessBase"]
[SourceDate "1995.01.01"]
[SourceVersion "1"]
[SourceVersionDate "1995.01.01"]
[SourceQuality "1"]

1. e4 e5 2. Nf3 Nc6 3. Bb5 a6 4. Ba4 Nf6 5. O-O Be7 6. Re1 b5 7. Bb3 O-O 8. c3
d6 9. d4 Bg4 10. d5 Na5 11. Bc2 c6 (11... Qc8 12. h3 Bd7 13. Nbd2 c6 14. dxc6
Qxc6 15. Nf1 Nc4 16. Ng3 Rfc8 $13 {Polgar,J-Sokolov,I/Madrid/1994/1:0/52/}) 12.
h3 Bxf3 13. Qxf3 cxd5 14. exd5 Nc4 15. Nd2 Nb6 16. Nf1 Nbxd5 $6 (16... Ne8 17.
g4 g6 18. Bh6 Ng7 19. Ng3 Rc8 $13 {Larsson,P-Ibragimov,I/EUCup/1994/0:1/31/}) (
16... Rc8 17. Ng3 g6 18. Bh6 Re8 19. Rad1 Rc5 20. Bb3 $13 {Nevostrujev,
V-Maksyutov,E/RUS-ch/1992/1:0/50/}) 17. Ng3 Nc7 18. Nf5 Ne6 19. a4 $1 b4 $1 (
19... Rb8 20. axb5 axb5 21. Ra7 $36) (19... bxa4 20. Rxa4 $44) 20. cxb4 g6 21.
Qg3 Kh8 22. Nxe7 Qxe7 $132 23. Bd3 (23. Bd2 Nd4 24. Bd3 (24. Bd1 Nf5 $1 25. Qd3
d5 $13) 24... Nb3 25. Rad1 Nxd2 26. Rxd2 Rfb8 27. b5 axb5 28. Bxb5 $14) 23...
Nh5 $5 24. Qf3 f5 25. b3 $6 (25. Bc4 $5 Nf6 26. b3 $14 e4 (26... d5 27. Bxd5
Nd4 (27... e4 28. Qc3 Rac8 29. Bc4 $16) (27... Qxb4 28. Bb2 $16) 28. Qd1 Nxd5 (
28... Rad8 29. Bc4 $16) 29. Bb2 Qxb4 (29... Qf6 30. Rxe5 Nc6 31. Qxd5 $18) 30.
Rxe5 Nc3 31. Qe1 Rac8 32. Rc1 $16) 27. Qc3 Rad8 28. Bxe6 Qxe6 29. Bb2 $16)
25... e4 26. Bb2+ Nhg7 (26... Nf6 $5 $13) 27. Bxe4 $6 (27. Qe3 d5 28. Bf1 f4
29. Qd2 $13) 27... fxe4 28. Qxe4 Rae8 29. Re2 $4 (29. Rad1 $15) 29... Nf4 $1
$19 30. Bxg7+ (30. Qxe7 Nxe2+) 30... Qxg7 31. Qxe8 Nxe2+ 0-1

[Event "Vidmar Memorial 15th"]
[Site "Terme Zrece"]
[Date "2003.08.19"]
[Round "2"]
[White "Sedlak, Nikola"]
[Black "Pavasovic, Dusko"]
[Result "1-0"]
[WhiteElo "2528"]
[BlackElo "2596"]
[Annotator "Wedberg,T"]
[PlyCount "79"]
[EventDate "2003.08.17"]
[EventType "tourn"]
[EventRounds "9"]
[EventCountry "SLO"]
[EventCategory "12"]
[SourceTitle "CBM 097"]
[Source "ChessBase"]
[SourceDate "2003.11.11"]
[SourceVersion "1"]
[SourceVersionDate "2003.11.11"]
[SourceQuality "1"]

1. e4 e5 2. Nf3 Nc6 3. Bb5 a6 4. Ba4 Nf6 5. O-O Be7 6. Re1 b5 7. Bb3 O-O 8. d4
{This line is again gaining in popularity. One point is of course that the
dreaded Marshall attack is avoided.} d6 9. c3 Bg4 10. Be3 {This seems to be
the prefered move these days. Fischer played it - so why not.} (10. d5) 10...
exd4 11. cxd4 Na5 (11... d5 12. e5 Ne4 13. Nc3 Nxc3 14. bxc3 Qd7 {is another
reasonable way to play the position.}) 12. Bc2 c5 13. h3 cxd4 (13... Bxf3 14.
Qxf3 Nc4 15. dxc5 dxc5 16. Nc3 Nd7 17. Bf4 Nde5 18. Bxe5 Nxe5 19. Qg3 Nc6 20.
Rad1 Nd4 21. e5 {with a slight edge for White in 1-0 Grischuk,A-Socko,B/4th
IECC, Istanbul TUR 2003 (50)}) 14. Bxd4 Bh5 15. g4 Bg6 16. Nc3 Rc8 17. Rc1 $146
(17. Nh4 b4 18. Nxg6 fxg6 19. Ne2 Nd7 20. Bb3+ Nxb3 21. Qxb3+ Kh8 22. Qxb4 Ne5
$13 {0-1 Van Riemsdijk,D-Arencibia,W/Panama 1991/EXT 97 (31)}) 17... Nc4 18.
Nd5 Nxd5 19. exd5 Bf6 20. Bxg6 fxg6 $6 {A double-edged decision. The f-file is
opened, but e6 becomes a permanent weakness.} 21. b3 Bxd4 22. Nxd4 Ne5 23. Rxc8
Qxc8 24. Re3 Qb7 25. Ne6 Rc8 26. Qd4 {[%cal Yd4g7] Now Black has to watch out
for f4.} Rc1+ 27. Kg2 Rc2 28. Kg3 $1 $16 {[%cal Yf2f4,Rd4g7]} Qf7 29. Rc3 Rxc3+
30. Qxc3 {White has a nice grip on the situation due to his active N on e6.}
Qb7 31. Qd4 Qf7 32. f4 Nd7 33. Qa7 $18 Nf8 34. Qxf7+ Kxf7 35. Nc7 Nd7 36. Nxa6
Nf6 37. Nb4 Ke7 38. Kf3 Kd7 39. g5 Ng8 40. Nc6 {[%csl Rg8]} 1-0

[Event "GER-ch 76th"]
[Site "Altenkirchen"]
[Date "2005.02.19"]
[Round "2"]
[White "Tischbierek, Raj"]
[Black "Gustafsson, Jan"]
[Result "0-1"]
[WhiteElo "2477"]
[BlackElo "2616"]
[Annotator "Wedberg,T"]
[PlyCount "62"]
[EventDate "2005.02.18"]
[EventType "swiss"]
[EventRounds "9"]
[EventCountry "GER"]
[SourceTitle "CBM 106"]
[Source "ChessBase"]
[SourceDate "2005.06.06"]
[SourceVersion "1"]
[SourceVersionDate "2005.06.06"]
[SourceQuality "1"]

1. e4 e5 2. Nf3 Nc6 3. Bb5 a6 4. Ba4 Nf6 5. O-O Be7 6. Re1 b5 7. Bb3 O-O 8. d4
d6 9. c3 Bg4 10. Be3 Bh5 11. h3 exd4 12. cxd4 d5 $5 ({A deviation from the
standard} 12... Na5) 13. g4 (13. e5 Ne4 14. Nc3 Nxc3 15. bxc3 Na5 16. Bc2 Nc4
17. g4 Bg6 18. Bf5 Bxf5 (18... a5 19. Qd3 b4 20. Re2 Ra6 21. Kg2 Rb6 22. cxb4
axb4 23. Rae1 $14 {1-0 Svidler,P-Delchev,A/Plovdiv 2003/CBM 098 (49)}) 19. gxf5
f6 $13 {1/2-1/2 Grischuk,A-Sokolov,I/Mainz 2003/CBM 095 ext (31)}) 13... Bg6
14. Ne5 Na5 (14... Nxe5 15. dxe5 Nxe4 16. Bxd5 $14) 15. Nxg6 hxg6 16. e5 Ne4
17. Nc3 (17. f3 Ng5 18. Kg2 Ne6 19. f4 f5 20. exf6 Rxf6 21. Nc3 c6 22. Bc2 Nc4
23. f5 gxf5 24. gxf5 Nxe3+ 25. Rxe3 Nf4+ 26. Kh1 Rh6 $40 {0-1 Volkmann,
F-Gustafsson,J/Austria 2003/CBM 097 ext (34)}) 17... Bb4 18. Rc1 Nxb3 19. axb3
Bxc3 20. bxc3 Qh4 21. Rc2 f5 $1 {After a long and rather forced sequence of
exchanges Black initiates an offensive against the weakened white K-side.} 22.
f3 Nxc3 $1 {[%mdl 640]} (22... Ng5 23. Bxg5 Qxg5 24. c4 $11) 23. Rxc3 Qg3+ 24.
Kf1 fxg4 25. Ke2 (25. f4 gxh3 26. Qe2 g5 $40) 25... b4 26. Rxc7 gxf3+ 27. Kd2
Qg2+ 28. Kc1 f2 29. Rf1 Rf3 30. Bd2 Rxh3 31. Qe2 $2 {Immediately losing.} (31.
e6 a5 32. e7 Re8 33. Kb2 a4 34. bxa4 Qg3 $19) 31... Rh1 0-1

[Event "Moscow Aeroflot op-A"]
[Site "Moscow"]
[Date "2005.02.17"]
[Round "3"]
[White "Nisipeanu, Liviu Dieter"]
[Black "Ivanov, Alexander"]
[Result "1-0"]
[WhiteElo "2673"]
[BlackElo "2590"]
[Annotator "Wedberg,T"]
[PlyCount "51"]
[EventDate "2005.02.15"]
[EventType "swiss"]
[EventRounds "9"]
[EventCountry "RUS"]
[SourceTitle "CBM 106"]
[Source "ChessBase"]
[SourceDate "2005.06.06"]
[SourceVersion "1"]
[SourceVersionDate "2005.06.06"]
[SourceQuality "1"]

1. e4 e5 2. Nf3 Nc6 3. Bb5 a6 4. Ba4 Nf6 5. O-O Be7 6. Re1 b5 7. Bb3 d6 8. c3
O-O 9. d4 Bg4 10. Be3 exd4 11. cxd4 Na5 12. Bc2 c5 13. dxc5 dxc5 14. Nc3 Nc4
15. e5 {A tricky position. The final verdict is not yet given.} Ne8 (15... Qxd1
16. Raxd1 Bxf3 17. exf6 Bxd1 18. fxe7 Bxc2 19. exf8=Q+ Rxf8 20. Bxc5 Rc8 21.
Nd5 Kh8 22. Nb6 {1/2-1/2 Zaitsev,I-Beliavsky,A/Minsk 1983/MCD}) (15... Nd7 16.
Bf4 Ndb6 17. Qe2 Qc8 18. Be4 Ra7 19. b3 Na3 20. Bc1 b4 21. Bxa3 bxa3 22. Nd5
$14 {1/2-1/2 Zaitsev,I-Balashov,Y/Moscow 2002/EXT 2003 (27)}) (15... Bxf3 16.
Qxd8 Bxd8 17. Bxc5 Re8 18. exf6 Bc6 19. Rxe8+ Bxe8 20. Nd5 $16 {1-0 Lupulescu,
C-Timoscenko,G/Mallorca 2004/CBM 104 no vc (29)}) 16. Qe2 Nc7 (16... Nxe5 17.
Rad1 $1 {is not easy for Black.}) 17. Rad1 Qc8 18. Bc1 {All white pieces are
well placed in the centre and they point towards the black K. It is soon time
to harvest.} Re8 19. Qe4 g6 20. Qf4 h5 21. h3 Ne6 22. Qg3 Bxf3 23. Qxf3 Nd4 {
Some counterplay?} 24. Rxd4 $1 {[%mdl 192] No, instead the white attack
crushes through.} cxd4 25. e6 $1 f5 (25... Rf8 26. Nd5 Ra7 27. Qg3 $18) 26.
Bxf5 $1 {Main line goes: 26. - gxf5 27.Qxf5 Bf8 28.Nd5! and the attack is
unstoppable.} 1-0

[Event "ARM-ch"]
[Site "Yerevan"]
[Date "1999.10.20"]
[Round "5"]
[White "Minasian, Ara"]
[Black "Nadanian, Ashot S"]
[Result "1/2-1/2"]
[WhiteElo "2483"]
[BlackElo "2410"]
[Annotator "Wedberg,T"]
[PlyCount "87"]
[EventDate "1999.10.16"]
[EventType "tourn"]
[EventRounds "11"]
[EventCountry "ARM"]
[EventCategory "10"]
[SourceTitle "CBM 074"]
[Source "ChessBase"]
[SourceDate "2000.02.01"]
[SourceVersion "1"]
[SourceVersionDate "2000.02.01"]
[SourceQuality "1"]

1. e4 e5 2. Nf3 Nc6 3. Bb5 a6 4. Ba4 Nf6 5. O-O b5 6. Bb3 Be7 7. d4 d6 8. c3
O-O 9. Nbd2 Bb7 10. Re1 Re8 11. Ng5 Rf8 12. Nf1 g6 (12... Nd7 13. Qh5 Bxg5 14.
Bxg5 Qe8 15. Rad1 $14 {1-0 Tseshkovsky,V-Arbakov,V/Moscow 1992/EXT 97 (32)}) (
12... Na5 13. Bc2 c5 14. Ng3 (14. Nf3 Qc7 15. Ng3 Bc8 16. h3 Re8 17. b3 Bd7 18.
Be3 Rac8 19. d5 $14 {1-0 Agnos,D-Ridameya,J/Manresa 1995/EXT 98 (41)}) 14... g6
15. Nf3 Qc7 16. Bh6 Rfd8 17. d5 $14 {1/2-1/2 Spassky,B-Herbrechtsmeier,C/
Germany 1983/GER-chT (28)}) 13. Ng3 Nd7 14. Nf3 Na5 15. Bc2 Bf6 16. b3 Re8 17.
d5 c6 18. dxc6 Nxc6 19. Qxd6 $6 {Why not take a P?} Nd4 $1 {[%mdl 64] A nice
tactical counter.} 20. Nxd4 (20. cxd4 $2 Be7 $19) 20... exd4 21. cxd4 Rc8 22.
Re2 (22. Bb1 $5) 22... Re6 23. Qf4 (23. Qb4 $2 Rec6 $17) 23... Bxd4 $132 24.
Rb1 Rf6 25. Qg5 Qa5 26. Bb2 Bxb2 27. Rxb2 Rd6 28. h4 Qa3 29. Nf5 Qxb2 30. Ne7+
Kh8 31. Nxc8 Bxc8 32. Qd8+ Kg7 33. Qxc8 Ne5 $44 34. Qh3 $4 (34. Qc5 $142) 34...
h5 $2 (34... Qc1+ 35. Kh2 Qf1 $1 $19) 35. f3 Rc6 36. Qg3 f6 37. Qf2 Qxa2 38.
Rd2 Qa5 39. Qd4 Qc7 40. Bd1 Rc1 41. Kf2 a5 42. Qd6 Qa7+ 43. Qd4 Qc7 44. Qd6
1/2-1/2

[Event "Dubai op"]
[Site "Dubai"]
[Date "2001.04.18"]
[Round "4"]
[White "Ehlvest, Jaan"]
[Black "Magerramov, Elmar S"]
[Result "1-0"]
[WhiteElo "2630"]
[BlackElo "2556"]
[Annotator "Wedberg,T"]
[PlyCount "79"]
[EventDate "2001.04.15"]
[EventType "swiss"]
[EventRounds "9"]
[EventCountry "UAE"]
[SourceTitle "CBM 083"]
[Source "ChessBase"]
[SourceDate "2001.07.05"]
[SourceVersion "1"]
[SourceVersionDate "2001.07.05"]
[SourceQuality "1"]

1. e4 e5 2. Nf3 Nc6 3. Bb5 a6 4. Ba4 Nf6 5. O-O Be7 6. Re1 b5 7. Bb3 d6 8. c3
O-O 9. d4 Bg4 10. d5 Na5 11. Bc2 Qc8 12. Nbd2 (12. h3 Bd7 13. Nbd2 c6 14. b4
Nb7 15. dxc6 Qxc6 16. Bb2 Nd8 17. Bd3 Ne6 18. c4 (18. g3 Bd8 19. c4 Bb6 20. c5
dxc5 21. Nxe5 Qc7 22. Rc1 Qa7 $13 {0-1 Mukhametov,E-Smagin,S/JUG-chT Cetinje
1992/EXT 92ch (37)}) 18... Nf4 $132 {0-1 Movsesian,S-Sokolov,I/Pula 1997/CBM
57 ext/[Wedberg] (50)}) 12... c6 13. b4 {This is a slightly unusual move order.
The "normal" play is to go h3 now or on the previous move. The standard
reaction would be to retreat the N to b7 and head for the line in the comment
to White´s 12:th move. But Magerramov tries something compeletely different.}
cxd5 $146 {[%mdl 8]} (13... Nb7 14. c4 (14. h3 Bd7 15. dxc6 Qxc6 {See the
comment to move 12.}) 14... Bxf3 (14... cxd5 $5) 15. gxf3 Nh5 16. dxc6 Nd8 17.
cxb5 axb5 18. Nb3 Nxc6 19. a3 Qh3 20. Kh1 Nd8 21. Rg1 Ne6 $13 {1-0 Schneider,
L-Wiedenkeller,M/SWE-ch 1989/EXT 97 (68)}) 14. bxa5 Qxc3 15. Rb1 Rac8 16. Bb3
dxe4 17. Nxe4 Nxe4 18. Rxe4 Bf5 19. Re3 Qxa5 20. Bd2 Qb6 21. Rc1 Rxc1 22. Qxc1
$14 {Black has three P:s for the N, but the P:s are not that impressive in
this position. White is better.} Rc8 23. Rc3 Rxc3 24. Qxc3 Qb7 25. Ng5 Bxg5 26.
Bxg5 $16 h6 27. Bd2 Be4 28. Qg3 Kh7 29. h4 b4 30. h5 a5 31. Qh4 d5 32. f3 Bd3
33. Qd8 $40 Qa7+ 34. Kh2 Qf2 (34... d4 35. Qe8 $18 {[%csl Rh7]}) 35. Bxd5 $1
Qxd2 36. Be4+ g6 37. hxg6+ Kg7 38. gxf7 Qf4+ 39. Kh3 Qxf7 40. Qxd3 1-0

[Event "American Continental 2nd"]
[Site "Buenos Aires"]
[Date "2003.08.25"]
[Round "7"]
[White "Ivanov, Alexander"]
[Black "Frey, Hugo"]
[Result "1-0"]
[WhiteElo "2538"]
[BlackElo "2342"]
[Annotator "Wedberg,T"]
[PlyCount "39"]
[EventDate "2003.08.17"]
[EventType "swiss"]
[EventRounds "11"]
[EventCountry "ARG"]
[SourceTitle "CBM 097"]
[Source "ChessBase"]
[SourceDate "2003.11.11"]
[SourceVersion "1"]
[SourceVersionDate "2003.11.11"]
[SourceQuality "1"]

1. e4 e5 2. Nf3 Nc6 3. Bb5 a6 4. Ba4 Nf6 5. O-O Be7 6. Re1 b5 7. Bb3 d6 8. c3
O-O 9. d4 Bg4 10. Be3 Na5 {This line seems to give White a slight plus.} (10...
exd4 11. cxd4 Na5 12. Bc2 c5 {is main line.}) 11. dxe5 Bxf3 12. Qxf3 dxe5 13.
Bc2 Qc8 (13... Nc4 14. Bc1 Qd7 15. b3 Nd6 {is probably a better way to play.})
14. h3 Re8 15. Nd2 Nb7 16. Nf1 Nc5 17. Ng3 Ne6 18. Nf5 {The N on f5 is a
standard feature in White´s attacking schemes in the Ruy Lopez. Black must
carefully check on every move what this intruder can undertake.} Bc5 $2 {
This almost looks normal, but White has a nice way to win immediately.} 19.
Nxg7 $1 {[%mdl 192]} Kxg7 20. Bh6+ $1 (20. Bh6+ Kxh6 21. Qxf6+ Kh5 22. g4#) 1-0

[Event "Madrid"]
[Site "Madrid"]
[Date "1994.??.??"]
[Round "3"]
[White "Polgar, Judit"]
[Black "Sokolov, Ivan"]
[Result "1-0"]
[WhiteElo "2630"]
[BlackElo "2650"]
[Annotator "Wedberg,T"]
[PlyCount "103"]
[EventDate "1994.05.??"]
[EventType "tourn"]
[EventRounds "9"]
[EventCountry "ESP"]
[EventCategory "15"]
[SourceTitle "CBM 041"]
[Source "ChessBase"]
[SourceDate "1994.08.01"]
[SourceVersion "1"]
[SourceVersionDate "1994.08.01"]
[SourceQuality "1"]

1. e4 e5 2. Nf3 Nc6 3. Bb5 a6 4. Ba4 Nf6 5. O-O Be7 6. Re1 b5 7. Bb3 O-O 8. d4
d6 9. c3 Bg4 10. d5 Na5 11. Bc2 Qc8 12. h3 Bd7 13. Nbd2 c6 14. dxc6 Qxc6 15.
Nf1 Nc4 16. Ng3 Rfc8 $5 {-> <<} (16... Rfe8 17. b3 (17. Nf5 Bxf5 18. exf5 Bf8
19. a4 Rab8 $13 {Ligterink-Smejkal/Amsterdam/1979}) 17... Nb6 18. Bb2 Bf8 19.
Qd2 g6 20. Rad1 Rad8 $13 {Martens,M-Shvidler,E/Amsterdam/1988/0-1/66}) 17. Qe2
Rab8 {/\ b4} 18. Bd3 Nb6 (18... b4 $2 19. b3 $16) 19. Be3 Na4 (19... Nc4 20.
Bg5 h6 21. Bc1 {/\ Nh4-f5}) 20. Rad1 Nc5 21. Bb1 g6 (21... Nfxe4 $2 22. Nxe4
Nxe4 23. Ba7 $16) (21... b4 22. cxb4 Rxb4 23. Rc1 $16) 22. Qd2 $1 {/\ ><h6,g7,
d6} Rd8 23. Bg5 Be6 24. Bh6 Qb7 25. Nf5 $5 Ne8 (25... gxf5 $4 26. Qg5+ Kh8 27.
Qg7#) 26. Nxe7+ Qxe7 27. Ng5 Bd7 28. f4 f6 29. Nf3 a5 30. a3 Be6 31. Qf2 Bb3
32. Rd2 Ne6 (32... b4 $6 33. cxb4 axb4 34. axb4 Rxb4 $2 35. fxe5 fxe5 36. Bg5
$18) 33. f5 N6g7 34. g4 b4 35. cxb4 axb4 36. a4 $5 (36. axb4 Rxb4 $15 {>< b2})
36... Ra8 37. g5 Rxa4 38. Qh4 Bf7 39. Rg2 b3 {/\ Nxf5} 40. Rg4 Qa7+ 41. Kg2 $6
(41. Kh2 {-> g}) 41... Nh5 42. gxf6 Nexf6 43. Kh2 Re8 (43... Nxg4+ 44. hxg4 Nf6
45. Qxf6 Qf2+ $10) 44. Rg2 d5 $2 (44... Kh8 45. Bg5 Qe7 {/\ gxf5}) 45. Ng5 Qe7
46. Nxf7 Kxf7 47. fxg6+ hxg6 48. Qg5 dxe4 $2 (48... Rg8 49. exd5 e4 50. Rf2 Ke8
51. Qe3 $40 Qe5+ 52. Bf4 Qxd5 53. Rd2 Qe6) 49. Bxe4 $1 $18 Nf4 50. Bxg6+ Nxg6
51. Qxg6+ Ke6 52. Rf2 1-0

[Event "FIDE-Wch k.o."]
[Site "Tripoli"]
[Date "2004.06.20"]
[Round "1.2"]
[White "Dominguez Perez, Leinier"]
[Black "Inarkiev, Ernesto"]
[Result "1-0"]
[WhiteElo "2612"]
[BlackElo "2595"]
[Annotator "Wedberg,T"]
[PlyCount "81"]
[EventDate "2004.06.19"]
[EventType "k.o."]
[EventRounds "7"]
[EventCountry "LBY"]
[SourceTitle "CBM 102"]
[Source "ChessBase"]
[SourceDate "2004.09.23"]
[SourceVersion "1"]
[SourceVersionDate "2004.09.23"]
[SourceQuality "1"]

1. e4 e5 2. Nf3 Nc6 3. Bb5 a6 4. Ba4 Nf6 5. O-O Be7 6. Re1 b5 7. Bb3 d6 8. c3
O-O 9. d4 Bg4 10. Be3 exd4 11. cxd4 Na5 12. Bc2 c5 13. h3 cxd4 14. Bxd4 Bh5 15.
g4 Bg6 16. Nc3 Rc8 17. Rc1 Nc6 (17... Nc4 18. Nd5 Nxd5 19. exd5 Bf6 $13 {
1-0 Sedlak,N-Pavasovic,D/Terme Zrece 2003/CBM 97/[Wedberg] (40)}) 18. Be3 Re8
19. Nh4 $146 (19. Nd5 Nxd5 20. exd5 Nb8 21. Bf4 Bf8 22. Rxe8 Qxe8 23. Nd4 Bxc2
24. Rxc2 Rxc2 25. Qxc2 Qe1+ $132 {0-1 Timofeev,A-Bacrot,E/Istanbul 2003/CBM 96
(84)}) 19... Nd7 20. Nxg6 hxg6 21. Bb3 (21. Nd5 Bh4 22. Re2 Nf6 23. Bb3 Nxe4
24. Nb6 $36 {1-0 Dominguez,L-Inarkiev,E/Tripoli LBA 2004}) 21... Nc5 22. Nd5
Ne5 23. f4 $6 {Aggressive but perhaps not sound.} (23. Bc2 Nc4 24. Bd4 Ne6 $1
25. Bb3 (25. Bc3 Bg5 26. Ra1 Nf4 $132) 25... Nxd4 26. Qxd4 $14) 23... Ned3 24.
Bxc5 Nxc5 $2 (24... Nxc1 $1 25. Bb6 (25. Nxe7+ Qxe7 26. Bxd6 Qa7+ $17) 25...
Qd7 26. Be3 Nxb3 27. Nb6 Qe6 28. Nxc8 Rxc8 29. Qxb3 Qxe4 30. Bf2 Qb7 $17) 25.
g5 $1 {Now White enjoys a solid plus. The N on d5 commands the game.} Bf8 26.
Qf3 (26. Bc2 $16) 26... Qa5 27. Rc3 Na4 28. f5 $5 {[%mdl 128]} Qd8 (28... Re5
29. fxg6 Rxg5+ 30. Kh1 Rxg6 31. Ne7+ $1 $18) (28... Nxc3 29. fxg6 fxg6 30. Nf6+
Kh8 31. Qg4 $18) 29. h4 Nxc3 30. fxg6 fxg6 31. Ne7+ Kh7 32. h5 $1 {A nice
finish to the attack.} Qxe7 33. hxg6+ Kxg6 34. Qf5+ Kh5 35. Bf7+ Qxf7 (35...
Kh4 36. Qf4+ Kh3 37. Re3#) 36. Qxf7+ g6 37. bxc3 d5 38. Kg2 Re5 39. Qf3+ Kxg5
40. Qg3+ Kf6 41. Rf1+ 1-0

[Event "Hastings 9697"]
[Site "Hastings"]
[Date "1996.??.??"]
[Round "6"]
[White "Movsesian, Sergei"]
[Black "Nunn, John DM"]
[Result "1/2-1/2"]
[WhiteElo "2635"]
[BlackElo "2605"]
[Annotator "Wedberg,T"]
[PlyCount "133"]
[EventDate "1996.12.??"]
[EventType "tourn"]
[EventRounds "9"]
[EventCountry "ENG"]
[EventCategory "13"]
[SourceTitle "CBM 057"]
[Source "ChessBase"]
[SourceDate "1997.04.01"]
[SourceVersion "1"]
[SourceVersionDate "1997.04.01"]
[SourceQuality "1"]

1. e4 {Hecht} e5 2. Nf3 Nc6 3. Bb5 a6 4. Ba4 Nf6 5. O-O Be7 6. Re1 b5 7. Bb3
O-O 8. d4 d6 9. c3 Bg4 10. d5 Na5 11. Bc2 c6 12. h3 Bc8 13. dxc6 Qc7 14. Nbd2
Qxc6 15. Nf1 Nc4 16. Ng3 Re8 17. Qe2 (17. Nh4 g6 18. Qf3 Kg7 19. b3 Nb6 20. Qe3
Ng8 21. Nf3 Be6 $11 {Romanishin,O-Almasi,Z/Altensteig 1993/0-1 (75)}) (17. Bd3
Nb6 18. Qe2 Be6 19. Ng5 Bc4 20. Nf5 h6 21. Nf3 Bf8 22. Bxc4 Qxc4 23. Qxc4 bxc4
$11 {Kosashvili,Y-Mokry,K/EuCup Tyniste 1995/1/2-1/2 (65)}) 17... Be6 (17... g6
18. a4 Bd7 19. Bd3 Bf8 20. Nh2 h5 21. Nf3 Bg7 22. Bg5 Nh7 23. h4 Nb6 24. a5 Na4
25. c4 b4 26. Bc2 Nc5 27. Be3 Bg4 $15 {0-1 Kosashvili,Y-Lev,R/Tel Aviv-B 1992 
(57)}) 18. Bd3 h6 19. Nh2 Rad8 20. a4 d5 {This is risky, but logical.} (20...
bxa4 $5 21. Bc2 Nb6 (21... a3 22. b3 Na5 23. c4 Rb8 24. Rxa3 $14) 22. Qxa6 Ra8
23. Qe2 Nc4 $11) 21. axb5 axb5 22. Ng4 Nxe4 (22... Nxg4 23. hxg4 d4 24. b3 (24.
Nf5 dxc3 25. bxc3 Bg5 $13) 24... Nd6 25. cxd4 Bxb3 26. d5 $14) 23. Nxe4 dxe4
24. Bxe4 Bd5 $2 {Simply losing a P.} (24... Qc5 $13) 25. Bxd5 Qxd5 26. b3 $1
Nd6 27. Qxe5 Qxe5 (27... Qxb3 $2 28. Nxh6+ $1 gxh6 29. Bxh6 Bf8 30. Qg3+ Kh7
31. Rxe8 Rxe8 32. Bxf8 Rxf8 33. Qxd6 $18) 28. Nxe5 Bf6 29. Bf4 g5 30. Bh2 Nf5
31. Kf1 Rd5 32. c4 bxc4 (32... Rdxe5 33. Bxe5 Bxe5 34. cxb5 Nd4 35. Rad1 $14)
33. Nxc4 Red8 34. Rab1 $16 Bc3 35. Rec1 Bb4 36. Bc7 Re8 37. Rd1 Rxd1+ 38. Rxd1
Ra8 39. g4 Ne7 40. Bg3 Kg7 41. Kg2 Ra7 42. Rd3 h5 43. gxh5 Kh6 {White should
win this. The trick is to get the b-P running.} 44. Rd8 $6 (44. Rf3 f5 (44...
Nd5 45. Rf5 Nc3 46. f4 $18) 45. Bd6 $1 Bxd6 (45... Rb7 46. Bxe7 Bxe7 47. Rxf5
Rxb3 48. Ne5 $16) 46. Nxd6 f4 47. b4 Kxh5 48. Rb3 $16) 44... Kxh5 45. Ne5 Ng6
46. Nc6 Rb7 47. Rb8 (47. Nxb4 Rxb4 48. Rb8 $16) 47... Rxb8 48. Bxb8 Bc5 49. b4
Bb6 50. Bd6 g4 51. Bg3 Nh4+ 52. Bxh4 Kxh4 53. hxg4 Kxg4 {The exchanges has not
given White an easy win. On the contrary, this might well be a draw.} 54. Ne5+
Kf5 55. Nc4 (55. Nxf7 Bc7 $1 56. Kf3 Kg6 57. Nh8+ Kg7 $11) 55... Bd4 56. Kf3
Ke6 57. Ne3 Bc3 58. b5 Kd6 59. Ke4 Kc5 60. b6 Ba5 61. Nd5 (61. b7 Bc7 62. Kf5
Kc6 $11) 61... Bxb6 $11 62. Nxb6 Kxb6 {[#] Hecht: Motive: Vermeiden der "6.
Reihe absolut"; (in-)direktes Verteidigen des Bf7; Opposition; Zugzwang} 63.
Ke5 Kc6 (63... Kc5 {Hecht} 64. f4 Kc6 (64... Kc4 $2 65. f5 Kd3 66. f6 $18) 65.
f5 (65. Kf6 Kd5 66. f5 Ke4 $11) 65... Kd7 66. Kf6 Ke8 67. Kg7 Ke7 68. Kg8 (68.
f6+ $4 Ke6 $19) 68... Kf6 69. Kf8 $11) 64. f4 (64. Kf6 Kd5 $11) 64... Kd7 65.
Kf6 Ke8 66. Kg7 f5 $1 (66... Ke7 $4 67. f5 $18 (67. f5 {Hecht} f6 68. Kg6 $18 {
6.Reihe absolut})) 67. Kf6 1/2-1/2